000 01100nab a22002177a 4500
999 _c6418
_d6418
003 OSt
005 20260202132435.0
008 190429b xxu||||| |||| 00| 0 spa d
040 _cPJ
100 _aLeiva, Ricardo Daniel
_97052
245 1 3 _aLa conducta ética de los litigantes en el proceso penal /
_cRicardo Daniel Leiva.
260 _cCiudad Autónoma de Buenos Aires :
_aThomson Reuters La Ley,
_b2023.
300 _ap. 159-169
500 _aCita Online: AR/DOC/1817/2023.
505 _aSumario: I. Introducción.— II. Los principios procesales de la litigación: el buen litigante.— III. La conducta de los litigantes en el proceso acusatorio-adversarial.— IV. La actitud del buen litigante durante el proceso penal.— V. Colofón.
505 _tSi te interesa el texto completo, solicitalo a koha@justierradelfuego.gov.ar
650 0 _9343
_aDERECHO PENAL
650 0 _9353
_aETICA PROFESIONAL
773 0 _02658
_93164
_tRevista de derecho penal y criminología. Nº 9 - Octubre 2023
_dCiudad Autónoma de Buenos Aires : Thomson Reuters La Ley, 2017-
_x00347914
942 _2udc
_cANA